Statistiques concernant Ville à pays n°14

Cliquez ici pour prendre le quiz!

Statistiques générales

  • Ce quiz a été pris 112 fois
  • Le résultat moyen est 11 sur 15

Statistiques - réponses

VilleEt pays% Correct
ToulouseFrance
100%
JohannesbourgAfrique du Sud
98%
YorkRoyaume-Uni
94%
OranAlgerie
92%
BremeAllemagne
92%
SkopjeMacedoine
91%
AbidjanCôte d'Ivoire
86%
NagoyaJapon
84%
KarachiPakistan
76%
FortalezaBrèsil
68%
MendozaArgentine
65%
ArequipaPerou
57%
LublinPologne
49%
TampereFinlande
46%
RoskildeDanemark
37%

Distribution des résultats

Percentile par nombre de réponses

% des personnes avec chaque résultat

Votre développement - résultats

Vous n’avez pas pris ce quiz